Top 10 Things To Do In York - Statistics

General Stats
  • This quiz has been taken 55 times
  • The average score is 4 of 10
Answer Stats
Hint Answer % Correct
4 York Minster
89%
5 York City Walls
72%
1 National Railway Museum
63%
3 The Shambles
61%
2 York Castle Museum
43%
8 York's Chocolate Story
22%
7 Museum Gardens
13%
6 York Maze
9%
9 York Cold War Bunker
4%
10 Yorkshire Air Museum
2%
No matching quizzes found
Score Distribution
Percent of People with Each Score
Percentile by Number Answered
Your Score History
You have not taken this quiz